[Event "Trzcianka Dziedzic Memorial 3rd"]
[Site "Trzcianka"]
[Date "2013.03.03"]
[Round "1"]
[White "Wesolowska, Katarzyna"]
[Black "Krasenkow, Michal"]
[Result "0-1"]
[WhiteElo "1735"]
[BlackElo "2643"]
[PlyCount "52"]
[EventDate "2013.03.03"]
[EventType "swiss (rapid)"]
[EventRounds "9"]
[EventCountry "POL"]
[SourceTitle "CBM 153 Extra"]
[Source "ChessBase"]
[SourceDate "2013.04.22"]
[SourceVersion "1"]
[SourceVersionDate "2013.04.22"]
[SourceQuality "1"]

1. e4 g6 2. d4 Bg7 3. Nf3 d6 4. Bc4 Nf6 5. Nc3 0-0 6. 0-0 Bg4 7. h3 Bxf3 8. Qxf3 Nc6 9. Be3 e5 10. d5 Ne7 11. Qe2 Nd7 12. f3 f5 13. Qd2 f4 14. Bf2 g5 15. Qe2 h5 16. Bb3 Nf6 17. Na4 Qd7 18. c4 g4 19. hxg4 hxg4 20. c5 g3 21. Be1 Qe8 22. Bxg3 fxg3 23. f4 Qg6 24. Qe3 exf4 25. Qxf4 Nxe4 26. Qe3 Qh5 0-1

[Event "POL-ch U18 Girls"]
[Site "Szczyrk"]
[Date "2013.??.??"]
[Round "2"]
[White "Wesolowska, Katarzyna"]
[Black "Skoczek, Karolina"]
[Result "0-1"]
[WhiteElo "1735"]
[BlackElo "1529"]
[PlyCount "130"]
[EventDate "2013.03.17"]
[EventType "swiss"]
[EventRounds "9"]
[EventCountry "POL"]
[SourceTitle "CBM 153 Extra"]
[Source "ChessBase"]
[SourceDate "2013.04.22"]
[SourceVersion "1"]
[SourceVersionDate "2013.04.22"]
[SourceQuality "1"]

1. e4 c6 2. d4 d5 3. Nc3 dxe4 4. Nxe4 Bf5 5. Ng3 Bg6 6. Nh3 Nf6 7. Nf4 e6 8. h4 h6 9. Nxg6 fxg6 10. c3 Bd6 11. Qc2 Qe7 12. Qxg6+ Qf7 13. Qxf7+ Kxf7 14. Bc4 Nd5 15. 0-0 Nd7 16. Bb3 c5 17. dxc5 Nxc5 18. Bxd5 exd5 19. Rd1 Bxg3 20. fxg3 Rad8 21. Be3 b6 22. Rf1+ Kg6 23. Rad1 Rhe8 24. Bd4 Re2 25. Rf2 Rxf2 26. Bxf2 Ne6 27. Bd4 Rd7 28. Kf2 Kf5 29. Kf3 g5 30. g4+ Kg6 31. h5+ Kf7 32. Be5 b5 33. Ke3 Nc5 34. Rf1+ Ke6 35. Kd4 Ne4 36. Rf8 Rh7 37. Re8+ Kd7 38. Rb8 Kc6 39. Rc8+ Kb7 40. Rd8 Kc6 41. Rxd5 Nf2 42. Rd6+ Kb7 43. Bg3 Nh1 44. Be1 Re7 45. Bd2 Re2 46. Kd3 Rxg2 47. Rxh6 Nf2+ 48. Ke2 Nxg4+ 49. Kf3 Rxd2 50. Kxg4 Rxb2 51. Kxg5 Rg2+ 52. Kf4 Rxa2 53. Rg6 Rh2 54. Rg5 Kb6 55. Ke3 a5 56. Rg6+ Kc5 57. h6 a4 58. Ra6 Kc4 59. Rc6+ Kb3 60. Kd3 a3 61. Ra6 a2 62. Ra5 Rh5 63. h7 Rxh7 64. Rxb5+ Ka4 65. Rb8 Ra7 0-1

[Event "POL-chT 3rd League Wielkopolska 12/13"]
[Site "Poznan"]
[Date "2012.12.02"]
[Round "3.18"]
[White "Wesolowska, Katarzyna"]
[Black "Szelag, Zuzanna"]
[Result "1-0"]
[WhiteElo "1743"]
[BlackElo "1374"]
[PlyCount "61"]
[EventDate "2012.11.25"]
[EventType "team-tourn"]
[EventRounds "11"]
[EventCountry "POL"]
[SourceTitle "EXT 2014"]
[Source "ChessBase"]
[SourceDate "2013.11.20"]
[SourceVersion "1"]
[SourceVersionDate "2013.11.20"]
[SourceQuality "1"]
[WhiteTeam "Wolsztyn UKS Szach"]
[BlackTeam "Gniezno LKS Chrobry II"]
[WhiteTeamCountry "POL"]
[BlackTeamCountry "POL"]

1. e4 e5 2. Nf3 f5 3. Bc4 fxe4 4. Nxe5 Qg5 5. Nf7 Qxg2 6. Rf1 Nc6 7. Nxh8 Ne5 8. Qh5+ Ng6 9. Nxg6 hxg6 10. Qe5+ Ne7 11. Qxc7 d5 12. Bb5+ Kf7 13. Qg3 Bh3 14. Rg1 Qf3 15. Qxf3+ exf3 16. d3 Rc8 17. Ba4 Bf5 18. Nd2 Nc6 19. Nxf3 Nb4 20. Kd1 Bc5 21. Be3 Bxe3 22. fxe3 b5 23. Bb3 Be6 24. Ng5+ Ke7 25. Nxe6 Kxe6 26. Rxg6+ Kf7 27. Rg4 a5 28. a3 Nc6 29. Bxd5+ Kf8 30. Bxc6 Rxc6 31. Kd2 1-0

[Event "POL-chT3 Wielkopolska 1112"]
[Site "Poland"]
[Date "2012.??.??"]
[Round "11.30"]
[White "Sobierska, Wioletta"]
[Black "Wesolowska, Katarzyna"]
[Result "1-0"]
[WhiteElo "2005"]
[BlackElo "1724"]
[PlyCount "73"]
[EventDate "2011.11.27"]
[EventType "team-tourn"]
[EventRounds "11"]
[EventCountry "POL"]
[SourceTitle "EXT 2014"]
[Source "ChessBase"]
[SourceDate "2013.11.20"]
[SourceVersion "1"]
[SourceVersionDate "2013.11.20"]
[SourceQuality "1"]
[WhiteTeam "Jarocin JKSW"]
[BlackTeam "Wolsztyn UKS Szach"]
[WhiteTeamCountry "POL"]
[BlackTeamCountry "POL"]

1. e4 e6 2. d4 d5 3. exd5 exd5 4. Nf3 Bd6 5. c4 c6 6. Nc3 Ne7 7. Bd3 Bc7 8. h3 Bf5 9. 0-0 0-0 10. Bxf5 Nxf5 11. cxd5 cxd5 12. Qb3 Bb6 13. Nxd5 Nc6 14. Nxb6 Qxb6 15. Qxb6 axb6 16. Rd1 Rfd8 17. d5 Nb4 18. g4 Nd6 19. a3 Nb5 20. Bg5 f6 21. axb4 fxg5 22. Rxa8 Rxa8 23. Nxg5 h6 24. Ne6 Nd6 25. Rc1 Rc8 26. Rxc8+ Nxc8 27. f4 g6 28. Kf2 Kf7 29. Nd8+ Ke8 30. Ne6 Ne7 31. d6 Nd5 32. Nc7+ Nxc7 33. dxc7 Kd7 34. Ke3 Kxc7 35. Ke4 Kd6 36. f5 gxf5+ 37. Kxf5 1-0

[Event "POL-chT3 Wielkopolska 1112"]
[Site "Poland"]
[Date "2012.??.??"]
[Round "7.18"]
[White "Wesolowska, Katarzyna"]
[Black "Markowska, Maria"]
[Result "1-0"]
[WhiteElo "1724"]
[BlackElo "1746"]
[PlyCount "79"]
[EventDate "2011.11.27"]
[EventType "team-tourn"]
[EventRounds "11"]
[EventCountry "POL"]
[SourceTitle "EXT 2014"]
[Source "ChessBase"]
[SourceDate "2013.11.20"]
[SourceVersion "1"]
[SourceVersionDate "2013.11.20"]
[SourceQuality "1"]
[WhiteTeam "Wolsztyn UKS Szach"]
[BlackTeam "Rawicz Korona Rawbud"]
[WhiteTeamCountry "POL"]
[BlackTeamCountry "POL"]

1. e4 e6 2. d4 d5 3. e5 c5 4. c3 Nc6 5. Nf3 Bd7 6. a3 Qb6 7. b4 cxd4 8. cxd4 Nge7 9. Be2 Nf5 10. Be3 Be7 11. Nc3 f6 12. exf6 Bxf6 13. Na4 Qc7 14. 0-0 0-0 15. Rc1 Qd6 16. Nc5 b6 17. Nxd7 Qxd7 18. Bb5 Rac8 19. Qa4 Nfe7 20. Bf4 a5 21. bxa5 bxa5 22. Bg3 Qb7 23. Rb1 Qa7 24. Rbd1 Nd8 25. Rc1 Rxc1 26. Rxc1 Nf5 27. Rd1 Nxg3 28. hxg3 Nf7 29. Re1 Nd6 30. Bd7 Nc4 31. Bxe6+ Kh8 32. Bxd5 Bxd4 33. Re8 Bxf2+ 34. Kh1 Qc5 35. Rxf8+ Qxf8 36. Qxc4 Bxg3 37. Ng5 h6 38. Nf7+ Kh7 39. Qd3+ g6 40. Qxg3 1-0

[Event "POL-chT3 Wielkopolska 1112"]
[Site "Poland"]
[Date "2012.??.??"]
[Round "5.36"]
[White "Wesolowska, Katarzyna"]
[Black "Swiatnicka, Malgorzata"]
[Result "1/2-1/2"]
[WhiteElo "1724"]
[BlackElo "1839"]
[PlyCount "72"]
[EventDate "2011.11.27"]
[EventType "team-tourn"]
[EventRounds "11"]
[EventCountry "POL"]
[SourceTitle "EXT 2014"]
[Source "ChessBase"]
[SourceDate "2013.11.20"]
[SourceVersion "1"]
[SourceVersionDate "2013.11.20"]
[SourceQuality "1"]
[WhiteTeam "Wolsztyn UKS Szach"]
[BlackTeam "Konin Hetman"]
[WhiteTeamCountry "POL"]
[BlackTeamCountry "POL"]

1. e4 e5 2. Nf3 Nc6 3. Nc3 Nf6 4. d4 exd4 5. Nxd4 Bb4 6. Nxc6 bxc6 7. Bd3 d5 8. exd5 cxd5 9. 0-0 0-0 10. Bg5 c6 11. h3 Rb8 12. a3 Bd6 13. Rb1 Re8 14. Qf3 Be6 15. Bxf6 Qxf6 16. Qxf6 gxf6 17. Ne2 c5 18. Ng3 c4 19. Bf5 Kg7 20. Bg4 Bxg4 21. hxg4 Bxg3 22. fxg3 Re2 23. Rf2 Rxf2 24. Kxf2 Kg6 25. Kf3 f5 26. Kf4 fxg4 27. Kxg4 Re8 28. Kf3 Kg5 29. b4 h5 30. Rd1 Re5 31. Rd4 Kf5 32. c3 Ke6 33. Rd1 Kd6 34. a4 Rf5+ 35. Ke3 Re5+ 36. Kf3 Rf5+ 1/2-1/2

[Event "Lublin op"]
[Site "Lublin"]
[Date "2011.12.29"]
[Round "6"]
[White "Wesolowska, Katarzyna"]
[Black "Lipski, Tadeusz"]
[Result "1/2-1/2"]
[WhiteElo "1724"]
[BlackElo "2039"]
[PlyCount "60"]
[EventDate "2011.12.27"]
[EventType "swiss"]
[EventRounds "7"]
[EventCountry "POL"]
[SourceTitle "CBM 146 Extra"]
[Source "ChessBase"]
[SourceDate "2012.02.29"]
[SourceVersion "1"]
[SourceVersionDate "2012.02.29"]
[SourceQuality "1"]

1. e4 c5 2. c3 e6 3. d4 d5 4. e5 Nc6 5. Nf3 Bd7 6. a3 c4 7. Be2 f6 8. exf6 Nxf6 9. Bg5 Qb6 10. Qc2 Bd6 11. 0-0 0-0 12. Nbd2 Be8 13. Rfe1 Bg6 14. Qc1 Qc7 15. Nf1 Ne4 16. Ng3 Na5 17. Bd1 h6 18. Be3 b5 19. Nd2 Nxg3 20. hxg3 Nc6 21. Bc2 Bxc2 22. Qxc2 e5 23. Nf3 e4 24. Nd2 Ne7 25. Nf1 Rf7 26. Re2 Raf8 27. Rae1 Nf5 28. Qd2 a5 29. Ra1 Ne7 30. Rb1 Rb8 1/2-1/2

[Event "POL-chT3 2010/11"]
[Site "Wielkopolska"]
[Date "2011.03.28"]
[Round "8"]
[White "Wesolowska, Katarzyna"]
[Black "Markowska, Maria"]
[Result "1-0"]
[WhiteElo "1751"]
[BlackElo "1772"]
[PlyCount "95"]
[EventDate "2010.11.28"]
[EventType "team-tourn"]
[EventRounds "11"]
[EventCountry "POL"]
[SourceTitle "EXT 2019"]
[Source "ChessBase"]
[SourceDate "2018.10.10"]
[SourceVersion "1"]
[SourceVersionDate "2018.10.10"]
[SourceQuality "1"]
[WhiteTeam "Wolsztyn UKS Szach"]
[BlackTeam "Rawicz Korona Rawbud"]
[WhiteTeamCountry "POL"]
[BlackTeamCountry "POL"]

1. e4 e6 2. d4 d5 3. e5 c5 4. c3 Nc6 5. Nf3 Qb6 6. a3 Bd7 7. b4 cxb4 8. cxb4 Nge7 9. Nc3 Nf5 10. Be3 Be7 11. Na4 Qc7 12. Nc5 f6 13. Nxd7 Qxd7 14. exf6 Bxf6 15. Bb5 a6 16. Ba4 0-0 17. 0-0 Qd6 18. Qd2 Nxe3 19. fxe3 Rac8 20. Rac1 e5 21. Bb3 e4 22. Ne1 Bg5 23. Nc2 Ne7 24. Na1 Rxc1 25. Rxc1 Bh4 26. Qe2 Bf2+ 27. Kh1 Qh6 28. Nc2 Bg3 29. h3 Rf2 30. Qg4 Bd6 31. Kg1 Rxc2 32. Rxc2 Qxe3+ 33. Kf1 Qd3+ 34. Kg1 Qxd4+ 35. Kf1 Qd3+ 36. Kg1 Qxb3 37. Qe6+ Kf8 38. Rf2+ Ke8 39. Qxd6 Qd1+ 40. Kh2 e3 41. Qb8+ Kd7 42. Qxb7+ Ke8 43. Qb8+ Kd7 44. Qa7+ Kc6 45. Qxa6+ Kd7 46. Qa7+ Kd6 47. Qxe3 Nc6 48. Qc5+ 1-0

[Event "POL-ch U16 Girls"]
[Site "Murzasichle"]
[Date "2011.03.08"]
[Round "5"]
[White "Wesolowska, Katarzyna"]
[Black "Wisniowska, Klaudia"]
[Result "0-1"]
[WhiteElo "1718"]
[BlackElo "2000"]
[PlyCount "136"]
[EventDate "2011.03.05"]
[EventType "swiss"]
[EventRounds "9"]
[EventCountry "POL"]
[SourceTitle "EXT 2013"]
[Source "ChessBase"]
[SourceDate "2012.11.22"]
[SourceVersion "1"]
[SourceVersionDate "2012.11.22"]
[SourceQuality "1"]

1. e4 d6 2. d4 Nf6 3. Nc3 g6 4. Nf3 Bg7 5. h3 0-0 6. Be3 a6 7. a4 b6 8. Be2 Bb7 9. Bd3 Nc6 10. d5 Nb4 11. Bc4 c6 12. dxc6 Nxc6 13. 0-0 Rc8 14. Qe2 Nb4 15. Bd3 d5 16. e5 Ne4 17. Bd4 Nxd3 18. Qxd3 Nxc3 19. Bxc3 Qc7 20. Rfe1 Rfd8 21. Qe2 Qc4 22. Nd4 Qxe2 23. Rxe2 Rc4 24. Ra3 Rb8 25. Rb3 Ba8 26. Rb4 e6 27. Rxc4 dxc4 28. Bb4 Rd8 29. c3 Rd5 30. f4 Bf8 31. Rd2 Bh6 32. Rf2 Bf8 33. Rd2 Bxb4 34. cxb4 Bc6 35. a5 bxa5 36. bxa5 Be8 37. Nf3 Rxa5 38. Rd8 Kf8 39. Rc8 Ra1+ 40. Kh2 Rb1 41. Rxc4 Rxb2 42. Rc8 Ke7 43. Rc7+ Bd7 44. Ra7 Ra2 45. Ng5 a5 46. Nxh7 Kd8 47. Ra8+ Kc7 48. Ra7+ Kc8 49. Kg1 a4 50. Ng5 a3 51. Nxf7 Bc6 52. g4 Rg2+ 53. Kf1 a2 54. Nd6+ Kb8 55. Ra3 Rb2 56. f5 exf5 57. gxf5 gxf5 58. e6 Kc7 59. Nxf5 Rb1+ 60. Kf2 a1Q 61. Rxa1 Rxa1 62. Kg3 Re1 63. e7 Bd7 64. Nd4 Rxe7 65. h4 Rg7+ 66. Kf2 Rg4 67. Nf3 Bc6 68. Ne5 Rxh4 0-1

[Event "POL-ch U16 Girls"]
[Site "Murzasichle"]
[Date "2011.03.05"]
[Round "1"]
[White "Wesolowska, Katarzyna"]
[Black "Ostrowska, Weronika"]
[Result "1-0"]
[WhiteElo "1718"]
[BlackElo "1478"]
[PlyCount "47"]
[EventDate "2011.03.05"]
[EventType "swiss"]
[EventRounds "9"]
[EventCountry "POL"]
[SourceTitle "EXT 2013"]
[Source "ChessBase"]
[SourceDate "2012.11.22"]
[SourceVersion "1"]
[SourceVersionDate "2012.11.22"]
[SourceQuality "1"]

1. e4 c5 2. c3 d5 3. exd5 Qxd5 4. d4 Nc6 5. Nf3 Bg4 6. Be2 Rd8 7. Be3 cxd4 8. cxd4 Bh5 9. Nc3 Qa5 10. Qb3 Rd7 11. d5 Qc7 12. dxc6 bxc6 13. 0-0 Nf6 14. Rfd1 e6 15. Rxd7 Nxd7 16. Qa4 Nb6 17. Qh4 Bg6 18. Bf4 Qb7 19. Rd1 Be7 20. Qg3 0-0 21. Nh4 Nd5 22. Nxg6 fxg6 23. Nxd5 cxd5 24. Be5 1-0

[Event "POL-chT3 2010/11"]
[Site "Wielkopolska"]
[Date "2011.01.23"]
[Round "4"]
[White "Wesolowska, Katarzyna"]
[Black "Piechota, Izabela"]
[Result "1/2-1/2"]
[WhiteElo "1751"]
[BlackElo "1756"]
[PlyCount "147"]
[EventDate "2010.11.28"]
[EventType "team-tourn"]
[EventRounds "11"]
[EventCountry "POL"]
[SourceTitle "EXT 2019"]
[Source "ChessBase"]
[SourceDate "2018.10.10"]
[SourceVersion "1"]
[SourceVersionDate "2018.10.10"]
[SourceQuality "1"]
[WhiteTeam "Wolsztyn UKS Szach"]
[BlackTeam "Szamotuly Baszta"]
[WhiteTeamCountry "POL"]
[BlackTeamCountry "POL"]

1. e4 e6 2. d4 d5 3. e5 c5 4. c3 Nc6 5. Nf3 Qb6 6. a3 c4 7. Be2 Qc7 8. 0-0 Nge7 9. Nbd2 b5 10. Re1 a5 11. Nf1 a4 12. Qd2 Bd7 13. Ng3 0-0-0 14. Bd1 g6 15. Bc2 Bg7 16. Qe2 h6 17. Be3 Rdg8 18. Qd2 Qd8 19. Rad1 Qf8 20. Rb1 Na5 21. Qe2 Nf5 22. Bd2 Qe8 23. Red1 Bf8 24. Ne1 Be7 25. f4 Qf8 26. Nf3 Qg7 27. Kf2 h5 28. Rg1 h4 29. Nf1 Qf8 30. Ne3 Nh6 31. Nf1 Qd8 32. h3 Nf5 33. Ng5 Be8 34. Nh2 Ng3 35. Qe1 Nb3 36. Bxb3 cxb3 37. Nhf3 Nf5 38. Qe2 Qb6 39. Qd3 Kb8 40. Rge1 Rf8 41. Rbc1 Bc6 42. Rb1 Bb7 43. Bc1 Ba6 44. Qd1 Qb7 45. Ra1 Bd8 46. Rg1 Bb6 47. Re1 Rc8 48. Kg1 Rc6 49. Kh2 Qc7 50. Rb1 Ka8 51. Qd2 Ba5 52. Qf2 Bxc3 53. bxc3 Rxc3 54. Bb2 Rc2 55. Qg1 Rc8 56. Rec1 Qb7 57. Ne1 Rxc1 58. Rxc1 Rxc1 59. Bxc1 b4 60. Nef3 Qe7 61. axb4 Qxb4 62. Qe1 b2 63. Qxb4 bxc1Q 64. Qxa4 Qxf4+ 65. Kg1 Qe3+ 66. Kh2 Qf4+ 67. Kg1 Qc1+ 68. Kh2 Qc4 69. Qe8+ Bc8 70. Nxf7 Qc1 71. Qa4+ Kb8 72. Qb5+ Ka8 73. Qa4+ Kb8 74. Qb5+ 1/2-1/2